000 00698nam a2200265Ia 4500
003 OSt
005 20220912150636.0
006 a|||||r|||| 00| 0
007 ta
008 220909b |||||||| |||| 00| 0 eng d
024 _a47379
037 _cTextual
040 _aCSL
_beng
_cCSL
041 _aeng
082 _aH4132:(C), L5
100 _aScheidegger A E
245 0 _aPhysical aspects of natural catastrophes
260 _aNew York
_b Elsevier Scientific
_c1975
300 _axiii,289p.
_ccm.
650 _a Dynamic geology
650 _a Earthquake
650 _aGeology
942 _hH4132:(C), L5
_cTEXL
_2CC
999 _c51711
_d51711